Normal view
MARC view
Entry Personal Name
001 - CONTROL NUMBER
- control field: 1236837
003 - CONTROL NUMBER IDENTIFIER
- control field: OSt
005 - DATE AND TIME OF LATEST TRANSACTION
- control field: 20260430150223.0
008 - FIXED-LENGTH DATA ELEMENTS
- fixed length control field: 260430|| aca||aabn | a|a d
040 ## - CATALOGING SOURCE
- Original cataloging agency: OSt
- Transcribing agency: OSt
100 ## - HEADING--PERSONAL NAME
- Personal name: University of Delhi. Faculty of Arts. Depatment of Buddhist Studies
670 ## - SOURCE DATA FOUND
- Source citation: Work cat.: (OSt)1849248: Tri Nguyen Thanh Au.; Singhal Ranjana Rani Gu.; Sarao Karam Tej Singh Gu. 1236836, Role of LY tran dynasties in the formation of vietnamese buddhism, 2021
